Stations des lignes de tramway de Seine-Saint-Denis (T1, 4, 5, 8 & 11) - Statistiques

Statistiques générales
  • Ce quiz a été pris 93 fois
  • Le résultat moyen est 37 sur 93
Réponses sur la Carte
Les réponses sont colorées sur une échelle allant du rouge au vert en fonction du pourcentage des utilisateurs qui les ont devinées à leur premier essai. Vous pouvez retrouver ces pourcentages ci-dessous.
 
Statistiques - réponses
Ligne Arrêt % Correct
1 Bobigny - Pablo Picasso - Préfecture - Hôtel du Département
70%
4 Bondy
69%
11 Le Bourget
69%
8 Épinay-sur-Seine - Gare
64%
1 Gare de Saint-Denis
64%
1 Basilique de Saint-Denis - Hôtel de Ville
63%
1 Marché de Saint-Denis
61%
1 Gare de Noisy-le-Sec
60%
1 La Courneuve - 8 Mai 1945
60%
1 L'Île-Saint-Denis
60%
1 Pont de Bondy
60%
1 Asnières-Gennevilliers - Les Courtilles
59%
4 Aulnay-sous-Bois
59%
1 La Courneuve - Six Routes
59%
8 Villetaneuse-Université
56%
1 Drancy-Avenir
54%
1 Gare de Gennevilliers
54%
1 Mairie de Villeneuve-la-Garenne
54%
11 Pierrefitte - Stains
53%
1 Cosmonautes
51%
11 Dugny - La Courneuve - Parc Georges Valbon
50%
11 Épinay-Villetaneuse - Montmagny
50%
1 Hôpital Delafontaine
50%
8 Saint-Denis - Porte de Paris
49%
1 Asnières - Quatre Routes
47%
4 Gargan
47%
4 Hôpital de Montfermeil
47%
1 Petit Noisy
46%
11 Stains - La Cerisaie
46%
1 Escadrille Normandie-Niémen
44%
4 Freinville - Sevran
44%
1 Hôpital Avicenne
44%
1 La Ferme
44%
4 Léon Blum - Collège Louise Michel
44%
4 Les Pavillons-sous-Bois
44%
1 Cimetière de Saint-Denis
43%
5 Garges - Sarcelles
43%
1 Stade Géo André
43%
8 Épinay-Orgemont
41%
1 La Noue
41%
1 Parc des Chanteraines
41%
8 Pierre de Geyter
41%
1 Hôtel de Ville de La Courneuve
40%
1 Le Luth
40%
1 Auguste Delaune
39%
4 Clichy - Montfermeil
39%
1 Le Village
39%
8 Blumenthal
37%
1 Danton
37%
4 Les Coquetiers
37%
1 Théâtre Gérard-Philipe
37%
8 César
36%
4 La Remise à Jorelle
36%
8 Pablo Neruda
36%
4 Allée de la Tour - Rendez-Vous
34%
1 Libération
34%
1 Maurice Lachâtre
34%
1 Chemin des Reniers
33%
4 Lycée Henri Sellier
33%
8 Paul Éluard
33%
8 Rose Bertin - Centre commercial l'Ilo
33%
4 Rougemont - Chanteloup
33%
1 Timbaud
33%
4 Arboretum
31%
8 Delaunay-Belleville
31%
8 Lacépède
31%
8 Les Mobiles
31%
5 Petit Pierrefitte
31%
4 République - Marx Dormoy
31%
8 Gilbert Bonnemaison
29%
5 Guynemer - Stade Auguste Delaune
29%
1 Jean Rostand
29%
8 Jean Vilar
29%
5 Mairie de Pierrefitte
29%
4 Clichy-sous-Bois - Mairie
27%
4 L'Abbaye
27%
5 Alcide d'Orbigny
26%
5 Butte Pinson - Parc Régional
26%
5 Joncherolles
26%
5 Les Flanades
26%
5 Paul Valéry
26%
5 Suzanne Valadon
26%
1 Gaston Roulaud
24%
8 Les Béatus
24%
4 Notre-Dame des Anges
24%
5 Roger Sémat
24%
5 Jacques Prévert
23%
5 Lochères
23%
4 Maurice Audin
23%
4 Romain Rolland - La Chapelle
23%
5 Les Cholettes
21%
5 Baudelaire
20%
1 Hôtel de Ville de Bobigny - Maison de la Culture
6%
Aucun quiz correspondant
Distribution des résultats
% des personnes avec chaque résultat
Percentile par nombre de réponses
Votre historique - résultats
Vous n’avez pas pris ce quiz